| 000 | 00808nam a2200253 a 4500 | ||
|---|---|---|---|
| 008 | |||
| 020 | _a020156629X (cased) | ||
| 049 | _aMAIN | ||
| 090 | 0 | 1 | _aQA76.87 |
| 100 | 1 | _aFreeman, James A. | |
| 245 | 1 | 0 |
_aSimulating neural networks with Mathematica / _cJames A. Freeman. |
| 260 |
_aReading, Mass. : _bAddison-Wesley, _cc1994. |
||
| 300 |
_ax, 341 p. : _bill. ; _c25 cm. |
||
| 504 | _aIncludes bibliographical references : p. 335-336. | ||
| 500 | _aIncludes index. | ||
| 630 | 0 | 0 | _aMathematica (Computer file). |
| 650 | 0 | _aNeural networks (Computer science). | |
| 650 | _aMathematica (Computer program language). | ||
| 907 |
_a.b10089871 _b29-09-03 _c29-09-03 |
||
| 003 | |||
| 005 | 20230123133429.0 | ||
| 040 | _cNUST | ||
| 942 |
_cBOOKS _kQA76.87 |
||
| 999 |
_c148455 _d148455 |
||